000 01163nam a2200397 a 4500
003 AR-BaBNM
005 20251128203950.0
008 082120s2002 ||||||||||||||000 | spa||
020 _a950-12-4422-9
040 _cAR-BaBNM
100 1 _aRywerant, Yochanan
245 0 0 _aEl método Feldenkrais
_benseñanza corporal mediante manipulación
250 _a1ª ed.
260 _aBuenos Aires
_bPaidós
_c1985
300 _a270 p.
_bil., gráfs.
490 0 _aBiblioteca de técnicas y lenguajes corporales
_vv. 22
500 _aContiene referencias bibliográficas en p. 270
650 4 _aMETODOS ACTIVOS
650 4 _aMETODOLOGIA
650 4 _aGIMNASIA
650 4 _aRELACION ALUMNO-DOCENTE
650 4 _aEDUCACION FISICA
650 4 _aFORMACION DE DOCENTES
650 4 _aDEPORTE
650 4 _aPSICOLOGIA DE LA EDUCACION
650 4 _aDINAMICA DE GRUPO
650 4 _aGRUPOS DE JUEGO
650 4 _aEJERCICIOS FISICOS
650 4 _aINTERACCION
653 _aEDUCACION SECUNDARIA
653 _aEDUCACION PARA LA SALUD
700 1 _aHanna, Thomas
_eprologuista
700 1 _aJusto, Luis N.
_etraductor
942 _cBK
998 _cMARTIN
999 _c5639
_d5639